[Event "Riga Tech Open A 2018"]
[Site "Riga LAT"]
[Date "2018.08.10"]
[Round "7.37"]
[White "Anurag, Mhamal"]
[Black "Kuznecovs, Nikita"]
[Result "0-1"]
[WhiteTitle "GM"]
[WhiteElo "2484"]
[BlackElo "2280"]
[WhiteFideId "5024366"]
[BlackFideId "11604557"]
[EventDate "2018.08.06"]

1. c4 Nf6 2. g3 e6 3. Bg2 d5 4. Nf3 dxc4 5. Qa4+ c6 6. Qxc4 b5 7. Qb3 Bb7 8. Nc3
Nbd7 9. d4 a6 10. Ne5 Nxe5 11. dxe5 Nd7 12. Bf4 Qc7 13. O-O-O c5 14. Ne4 Be7 15.
Qe3 O-O-O 16. Nd6+ Bxd6 17. exd6 Qb6 18. Bxb7+ Kxb7 19. Be5 f6 20. Bc3 e5 21. f4
exf4 22. gxf4 b4 23. Be1 Rhe8 24. Qf3+ Qc6 25. Rg1 Qxf3 26. exf3 Rg8 27. a3 bxa3
28. bxa3 Rde8 29. Rd3 Re2 30. h4 Kc6 31. Kd1 Re6 32. h5 f5 33. Bc3 g6 34. Kc2
Re2+ 35. Rd2 Rxd2+ 36. Kxd2 Kxd6 37. Kc2 Nb6 38. Be5+ Kc6 39. Kc3 a5 40. Kb3 a4+
41. Kc3 Nd5+ 42. Kc4 Ne7 43. Rd1 Nc8 44. Rg1 Nb6+ 45. Kc3 Rd8 46. hxg6 hxg6 47.
Rxg6+ Kb5 48. Rg7 Nd5+ 49. Kb2 Rh8 50. Rb7+ Kc6 51. Rf7 Rh2+ 52. Kb1 Ne3 53. Bb2
Kb5 54. Re7 Nd5 55. Re5 Nxf4 56. Rxf5 Nd3 57. Be5 Re2 58. f4 Kc4 59. Rf8 Kb3 60.
Rb8+ Kxa3 61. Bc3 Nb4 62. Rg8 Re3 63. Bd2 Rf3 64. Rg2 Kb3 0-1

[Event "Riga Tech Open A 2018"]
[Site "Riga LAT"]
[Date "2018.08.10"]
[Round "7.38"]
[White "Pulkkinen, Kari"]
[Black "Leenhouts, Koen"]
[Result "0-1"]
[WhiteTitle "FM"]
[BlackTitle "IM"]
[WhiteElo "2242"]
[BlackElo "2475"]
[WhiteFideId "500712"]
[BlackFideId "1008439"]
[EventDate "2018.08.06"]

1. e4 e5 2. Nf3 Nc6 3. Bb5 a6 4. Ba4 Nf6 5. O-O Be7 6. Re1 b5 7. Bb3 d6 8. c3
O-O 9. h3 Nb8 10. d4 Nbd7 11. Nbd2 Bb7 12. Bc2 Re8 13. Nf1 Bf8 14. Ng3 g6 15. a4
c5 16. d5 c4 17. Bg5 h6 18. Be3 Nc5 19. Qd2 Kh7 20. Ra2 Nfd7 21. axb5 axb5 22.
Rea1 Qc7 23. Qd1 Rxa2 24. Rxa2 Nb6 25. Nh2 Bg7 26. Ng4 Bc8 27. Qf3 Bxg4 28. hxg4
Nba4 29. Nf1 Rb8 30. Qh3 Qd7 31. Nd2 b4 32. Bxa4 Nxa4 33. Nxc4 bxc3 34. bxc3 Qb5
35. Nd2 Nxc3 36. Ra7 Rf8 37. g5 h5 38. g4 Nxe4 39. gxh5 Nxd2 40. Bxd2 Qxd5 41.
Be3 Qd1+ 42. Kh2 Qxh5 43. Qxh5+ gxh5 44. Rd7 e4 45. Bf4 Kg6 46. Bxd6 Re8 47. Bc5
Be5+ 48. Kg2 Bf4 49. Be7 Ra8 50. Rd4 Kf5 51. Rd5+ Kg4 52. Rd8 Ra2 53. g6 fxg6
54. Bc5 e3 55. Rg8 Rxf2+ 0-1

[Event "Riga Tech Open A 2018"]
[Site "Riga LAT"]
[Date "2018.08.10"]
[Round "7.39"]
[White "Thogersen, Rasmus"]
[Black "Fenil, Shah"]
[Result "0-1"]
[WhiteTitle "FM"]
[BlackTitle "IM"]
[WhiteElo "2275"]
[BlackElo "2412"]
[WhiteFideId "1431412"]
[BlackFideId "5019850"]
[EventDate "2018.08.06"]

1. e4 c5 2. Nf3 e6 3. d4 cxd4 4. Nxd4 Nc6 5. Nc3 Qc7 6. Be3 Nf6 7. f4 d6 8. Qf3
Be7 9. O-O-O Bd7 10. g4 Nxd4 11. Bxd4 e5 12. fxe5 dxe5 13. Qg3 Nxg4 14. Bb5 Bxb5
15. Nxb5 Qd7 16. Bc3 Qxb5 17. Qxg4 O-O 18. Rd5 Qb6 19. Bxe5 Bf6 20. Rg1 Bxe5 21.
Rxe5 g6 22. Rd1 Qe3+ 23. Kb1 Rae8 24. Rb5 Rxe4 25. Qd7 Re7 26. Qd5 b6 27. a4
Rfe8 28. b3 Qe4 29. Qxe4 Rxe4 30. a5 R4e5 31. Rxe5 Rxe5 32. a6 Ra5 33. Kb2 Rxa6
34. c4 Ra5 35. b4 Re5 36. Kb3 f5 37. Rd7 0-1

[Event "Riga Tech Open A 2018"]
[Site "Riga LAT"]
[Date "2018.08.10"]
[Round "7.41"]
[White "Lapshun, Yury"]
[Black "Gurvich, Vitaly"]
[Result "1/2-1/2"]
[WhiteTitle "IM"]
[BlackTitle "FM"]
[WhiteElo "2403"]
[BlackElo "2272"]
[WhiteFideId "2006960"]
[BlackFideId "24164852"]
[EventDate "2018.08.06"]

1. e4 c6 2. d4 d5 3. Nd2 dxe4 4. Nxe4 Nf6 5. Ng3 g6 6. Nf3 Bg7 7. Bc4 O-O 8. O-O
Bg4 9. c3 Nbd7 10. Re1 e6 11. h3 Bxf3 12. Qxf3 Re8 13. Ne4 Nxe4 14. Rxe4 Nf6 15.
Re1 Nd5 16. Bd2 Qd7 17. Rad1 b5 18. Bb3 a5 19. Bc1 a4 20. Bc2 Rac8 21. h4 h5 22.
g3 Nf6 23. Bg5 Nd5 24. Be4 Rb8 25. Kg2 Rbc8 26. Qd3 Ra8 27. Kg1 Kh7 28. Bf3 Kg8
29. g4 hxg4 30. Bxg4 Bf6 31. Qg3 Bxg5 32. hxg5 Qc7 33. Re5 Kg7 34. Kg2 Rh8 35.
Rh1 Rxh1 36. Kxh1 a3 37. b4 Rh8+ 38. Kg1 Qd6 39. Be2 Qe7 40. Re4 Qc7 41. Re5 Qd6
42. Bf1 Qc7 43. Bg2 Qd6 44. Be4 Qc7 45. Kf1 Qb8 46. Bg2 Qd6 47. Ke2 Qb8 48. Kd2
Qd6 49. Kc2 Qb8 50. Be4 Rh5 51. Bf3 Rh8 52. Re2 Qd8 53. Re1 Kg8 54. Rh1 Rxh1 55.
Bxh1 Kg7 56. Qe5+ Kg8 57. Be4 Kh7 58. Kd2 Kg8 59. Kd3 Kh7 60. Kc2 Kg8 61. Qg3
Kh7 62. Qe5 Kg8 63. Kd2 Kh7 64. Bc2 Kg8 65. Bb3 Kh7 66. Bd1 Kg8 67. Bf3 Kh7 68.
Kc2 Kg8 69. Kb3 Qa8 70. Kc2 Qd8 71. Be4 Kh7 72. Bxd5 cxd5 73. Qe2 Qb6 74. Kd2
Kg8 75. Kc2 Kh7 76. Qf1 Kg8 77. Kd2 Qb8 78. Kc2 Qb6 79. Qc1 Qa6 80. Kb1 Qa7 81.
Kc2 Qa6 82. Kd3 Qa7 83. Kd2 Qa6 84. Ke3 Qa7 85. Kf3 Qa6 86. Ke2 Qa7 87. Qf4 Qb6
88. Qc1 Qa6 89. Kd1 Qa4+ 90. Qc2 Qa6 91. Qc1 Qa4+ 92. Ke2 Qa6 93. Ke1 Qa4 94.
Kd2 Qa6 95. Kd3 Qa4 96. Qe1 Qa6 1/2-1/2

[Event "Riga Tech Open A 2018"]
[Site "Riga LAT"]
[Date "2018.08.11"]
[Round "8.1"]
[White "Maiorov, Nikita1"]
[Black "Hovhannisyan, Robert"]
[Result "0-1"]
[WhiteTitle "GM"]
[BlackTitle "GM"]
[WhiteElo "2504"]
[BlackElo "2608"]
[WhiteFideId "13501720"]
[BlackFideId "13302507"]
[EventDate "2018.08.06"]

1. d4 d5 2. c4 e6 3. Nc3 c6 4. e3 Nf6 5. Nf3 Nbd7 6. Qc2 Bd6 7. Be2 O-O 8. O-O
dxc4 9. Bxc4 b5 10. Be2 Bb7 11. e4 e5 12. dxe5 Nxe5 13. Nd4 Neg4 14. g3 Bc5 15.
Nf5 Re8 16. Bf4 Bxf2+ 17. Rxf2 Nxf2 18. Kxf2 b4 19. Na4 Nxe4+ 20. Kg1 Qf6 21.
Ne3 g5 22. Ng4 Qg7 23. Be3 h5 24. Bd3 Nd6 25. Qc5 hxg4 26. Bd4 Qh6 27. Rf1 Re6
28. Qc1 Nb5 29. Bc5 Rae8 30. Bc4 Rf6 31. Rd1 Bc8 32. Be3 Rd6 33. Re1 Qg7 34.
Bxb5 cxb5 35. Nc5 Rd5 36. Rf1 Qe5 37. Bf2 Red8 38. Re1 Qf5 39. b3 Be6 40. Ne4
Re5 41. Qc7 Rdd5 42. Qc2 Qg6 0-1

[Event "Riga Tech Open A 2018"]
[Site "Riga LAT"]
[Date "2018.08.11"]
[Round "8.2"]
[White "Meshkovs, Nikita"]
[Black "Predke, Alexandr"]
[Result "1/2-1/2"]
[WhiteTitle "GM"]
[BlackTitle "GM"]
[WhiteElo "2524"]
[BlackElo "2606"]
[WhiteFideId "11602740"]
[BlackFideId "24107581"]
[EventDate "2018.08.06"]

1. d4 Nf6 2. c4 e6 3. Nf3 b6 4. g3 Bb7 5. Bg2 Bb4+ 6. Bd2 Be7 7. Nc3 c6 8. O-O
O-O 9. Rc1 d5 10. Bf4 Nh5 11. Bd2 dxc4 12. e3 c5 13. Ne5 Bxg2 14. Kxg2 Nf6 15.
Qf3 Na6 16. Nb5 cxd4 17. Nxd4 Qd5 18. Ndc6 Bc5 19. Rxc4 Nb8 20. Qxd5 exd5 21.
Ra4 Nxc6 22. Nxc6 Rfc8 23. Rxa7 Rxa7 24. Nxa7 Ra8 25. Nb5 Rxa2 26. Bc3 Ne4 27.
Kf3 Bb4 28. Rd1 Bxc3 29. Nxc3 Rxb2 30. Rxd5 Nd2+ 31. Ke2 Ne4+ 32. Ke1 f5 33.
Nxe4 fxe4 34. Rd4 b5 35. Rxe4 b4 36. Re7 b3 37. Rb7 h5 38. h4 Kh7 39. e4 Kg6 40.
Rb6+ Kf7 41. e5 Rb1+ 42. Ke2 b2 43. Kf3 Re1 44. Rxb2 Rxe5 45. Kf4 Ra5 46. Rb4 g6
47. f3 Rf5+ 48. Ke4 Ra5 49. g4 hxg4 50. fxg4 Ra7 51. Kf4 Kg7 52. Rd4 Rf7+ 53.
Kg5 Ra7 54. Rd5 Rb7 55. h5 gxh5 56. gxh5 1/2-1/2

[Event "Riga Tech Open A 2018"]
[Site "Riga LAT"]
[Date "2018.08.11"]
[Round "8.3"]
[White "Kovalenko, Igor"]
[Black "Repka, Christopher"]
[Result "1-0"]
[WhiteTitle "GM"]
[BlackTitle "GM"]
[WhiteElo "2641"]
[BlackElo "2528"]
[WhiteFideId "14117908"]
[BlackFideId "14918781"]
[EventDate "2018.08.06"]

1. d4 Nf6 2. Nf3 d5 3. c4 c6 4. Nc3 e6 5. e3 Nbd7 6. Qc2 Bd6 7. b3 O-O 8. Bb2 e5
9. Be2 e4 10. Nd2 Nb8 11. O-O Na6 12. a3 Bg4 13. f3 exf3 14. Bxf3 Re8 15. h3
Bxf3 16. Rxf3 Nc7 17. Raf1 Be7 18. Qd3 Ne6 19. b4 Rf8 20. R1f2 Ne8 21. cxd5 cxd5
22. e4 N8c7 23. exd5 Nxd5 24. Nxd5 Qxd5 25. Rf5 Qd7 26. d5 Nc7 27. Ne4 Ne8 28.
d6 Bd8 29. Kh1 Rc8 30. Rf1 b6 31. R1f2 Bh4 32. R2f4 Bd8 33. Rf3 h6 34. Rh5 Bg5
35. Nxg5 Qxd6 36. Qh7# 1-0

[Event "Riga Tech Open A 2018"]
[Site "Riga LAT"]
[Date "2018.08.11"]
[Round "8.4"]
[White "Carlsson, Pontus"]
[Black "Svane, Rasmus"]
[Result "1/2-1/2"]
[WhiteTitle "GM"]
[BlackTitle "GM"]
[WhiteElo "2442"]
[BlackElo "2591"]
[WhiteFideId "1705814"]
[BlackFideId "4657101"]
[EventDate "2018.08.06"]

1. e4 e6 2. d4 d5 3. Nd2 c5 4. exd5 Qxd5 5. Ngf3 cxd4 6. Bc4 Qd8 7. O-O Nc6 8.
Nb3 a6 9. Nbxd4 Nxd4 10. Nxd4 Qc7 11. Qe2 Bd6 12. Nf3 Ne7 13. Bd3 b6 14. h3 Bb7
15. Ng5 h6 16. Ne4 Bh2+ 17. Kh1 Bf4 18. Bxf4 Qxf4 19. Rad1 O-O 20. Nd6 Bd5 21.
Nc4 Qc7 22. Qe5 Qb7 23. Ne3 1/2-1/2

[Event "Riga Tech Open A 2018"]
[Site "Riga LAT"]
[Date "2018.08.11"]
[Round "8.5"]
[White "Pechac, Jergus"]
[Black "Esipenko, Andrey"]
[Result "0-1"]
[WhiteTitle "IM"]
[BlackTitle "GM"]
[WhiteElo "2431"]
[BlackElo "2589"]
[WhiteFideId "14926970"]
[BlackFideId "24175439"]
[EventDate "2018.08.06"]

1. Nf3 d5 2. b3 Nf6 3. Bb2 Bf5 4. c4 e6 5. Nh4 Bg6 6. e3 Bd6 7. Nc3 c6 8. Be2
Nbd7 9. d4 Ne4 10. Nxg6 Nxc3 11. Bxc3 hxg6 12. h3 a5 13. O-O f5 14. Qe1 Nf6 15.
Bd3 Kf7 16. Rb1 b5 17. cxd5 cxd5 18. b4 Ne4 19. Bxe4 dxe4 20. f4 exf3 21. Rxf3
axb4 22. Bxb4 Rxa2 23. Bxd6 Qxd6 24. Rxb5 Rc8 25. Rb7+ Kf6 26. Kh1 Rxg2 27. Kxg2
Rc2+ 28. Qf2 Rxf2+ 29. Kxf2 g5 30. Kg2 Qc6 31. Rb2 Kg6 32. Kg3 Qc1 33. Rg2 Qd1
34. Kf2 Kf6 35. Kg3 Ke7 36. Kf2 Kf6 37. Kg3 Kg6 38. Kf2 Qc2+ 39. Kf1 Qe4 40.
Rfg3 Kf6 41. Rxg5 Qf3+ 0-1

[Event "Riga Tech Open A 2018"]
[Site "Riga LAT"]
[Date "2018.08.11"]
[Round "8.7"]
[White "Donchenko, Alexander"]
[Black "Kreisl, Robert"]
[Result "1/2-1/2"]
[WhiteTitle "GM"]
[BlackTitle "IM"]
[WhiteElo "2612"]
[BlackElo "2404"]
[WhiteFideId "24603295"]
[BlackFideId "1613880"]
[EventDate "2018.08.06"]

1. d4 Nf6 2. c4 g6 3. g3 c6 4. Bg2 d5 5. Qa4 Nfd7 6. cxd5 Nb6 7. Qd1 cxd5 8. Nc3
Nc6 9. e3 Bf5 10. Nh3 Bxh3 11. Bxh3 Bg7 12. O-O O-O 13. a4 a5 14. b3 e5 15. Nb5
exd4 16. exd4 Qf6 17. Ba3 Rfd8 18. Ra2 Nc8 19. Bg2 N8e7 20. Re1 Rac8 21. Rae2
Nf5 22. Nc7 Ncxd4 23. Re8+ Rxe8 24. Nxe8 Qb6 25. Nxg7 Nxg7 26. Bxd5 Rd8 27. Bc4
Ngf5 28. Bf1 Ne6 1/2-1/2

[Event "Riga Tech Open A 2018"]
[Site "Riga LAT"]
[Date "2018.08.11"]
[Round "8.8"]
[White "Smirin, Ilia"]
[Black "Merry, Alan B"]
[Result "1-0"]
[WhiteTitle "GM"]
[BlackTitle "IM"]
[WhiteElo "2602"]
[BlackElo "2445"]
[WhiteFideId "2801990"]
[BlackFideId "418811"]
[EventDate "2018.08.06"]

1. e4 e6 2. d4 d5 3. Nd2 c5 4. Ngf3 cxd4 5. Nxd4 Nc6 6. Bb5 Bd7 7. Bxc6 bxc6 8.
O-O Bd6 9. Re1 Qc7 10. exd5 cxd5 11. Nf5 Bxh2+ 12. Kh1 Kf8 13. Nf3 exf5 14. Nxh2
Be6 15. b3 Nf6 16. Bb2 Ne4 17. Kg1 f6 18. Nf3 Rd8 19. Nd4 Bc8 20. Qh5 Qf4 21. f3
g6 22. Qh2 Ng3 23. Nc6 Re8 24. Bxf6 Re2 25. Qxg3 Qxg3 26. Rxe2 Rg8 27. Rae1 Bd7
28. Be5 f4 29. Ne7 Bb5 30. Rf2 h5 31. Nxd5 g5 32. c4 h4 33. cxb5 h3 34. Bd4 Rh8
35. Rfe2 hxg2 36. Re8+ Kf7 37. R1e7+ Kg6 38. Rg7+ Kf5 39. Re5# 1-0

[Event "Riga Tech Open A 2018"]
[Site "Riga LAT"]
[Date "2018.08.11"]
[Round "8.9"]
[White "Garriga Cazorla, Pere"]
[Black "Stocek, Jiri"]
[Result "1-0"]
[WhiteTitle "IM"]
[BlackTitle "GM"]
[WhiteElo "2444"]
[BlackElo "2582"]
[WhiteFideId "32011601"]
[BlackFideId "304760"]
[EventDate "2018.08.06"]

1. d4 Nf6 2. c4 e6 3. Nc3 Bb4 4. Qc2 O-O 5. Nf3 d6 6. Bd2 Re8 7. a3 Bxc3 8. Bxc3
Nbd7 9. e3 Qe7 10. b4 e5 11. Be2 e4 12. Nd2 d5 13. Bb2 Nf8 14. cxd5 Nxd5 15. h4
h6 16. Nc4 Bf5 17. g4 Bh7 18. O-O-O c6 19. Rdg1 Ne6 20. Kb1 f6 21. Qb3 Bg6 22.
Ka1 a6 23. Rc1 Rad8 24. Bf1 Nf8 25. Bh3 Bf7 26. Qc2 Ng6 27. g5 fxg5 28. hxg5
Qxg5 29. Rcg1 Qe7 30. Ne5 Nxe5 31. dxe5 Be6 32. Qxe4 Qf7 33. f4 Rf8 34. Bxe6
Qxe6 35. Rg6 Rf6 36. Rxg7+ Kxg7 37. exf6+ Kf7 38. Qh7+ Ke8 39. Rg1 1-0

[Event "Riga Tech Open A 2018"]
[Site "Riga LAT"]
[Date "2018.08.11"]
[Round "8.10"]
[White "Yankelevich, Lev"]
[Black "Ter-Sahakyan, Samvel"]
[Result "1-0"]
[WhiteTitle "IM"]
[BlackTitle "GM"]
[WhiteElo "2420"]
[BlackElo "2551"]
[WhiteFideId "24684074"]
[BlackFideId "13302531"]
[EventDate "2018.08.06"]

1. d4 Nf6 2. c4 e6 3. Nf3 d5 4. g3 Bb4+ 5. Bd2 Be7 6. Bg2 O-O 7. O-O Nbd7 8. Qc2
Ne4 9. Bf4 c6 10. h4 f5 11. Nc3 h6 12. Ne5 Nxe5 13. Bxe5 Nd6 14. Bxd6 Bxd6 15.
c5 Bc7 16. f4 b6 17. b4 g5 18. hxg5 hxg5 19. e3 Rf7 20. Kf2 gxf4 21. exf4 Qf6
22. Qd2 Rg7 23. Rh1 Kf7 24. Bf3 Ba6 25. Rh3 bxc5 26. bxc5 Ke7 27. Be2 Bc8 28.
Rah1 Bd7 29. Rh6 Rg6 30. Rh7+ Rg7 31. R7h6 Rg6 32. Rh7+ Rg7 33. R1h6 Qf7 34.
Rxg7 Qxg7 35. Rh3 Rb8 36. Bf3 Kf8 37. Ne2 Bd8 38. Rh1 Bc8 39. Qd3 Bf6 40. Ke3
Rb5 41. Rc1 Qc7 42. g4 Rb2 43. g5 Bg7 44. Rc2 Rb4 45. Rc3 Ra4 46. Ra3 Rc4 47.
Qd2 e5 48. fxe5 Bxe5 49. dxe5 Qxe5+ 50. Kf2 Qh2+ 51. Kf1 Qh3+ 52. Kf2 Qh4+ 53.
Kf1 f4 54. Bg2 Qxg5 55. Rf3 Ba6 56. Kg1 Qe7 57. Nxf4 Qxc5+ 58. Rf2 Ke8 59. Qe1+
Kd7 60. Bh3+ Kd6 61. Qe8 Rc1+ 62. Kg2 Qc4 63. Qb8+ 1-0

[Event "Riga Tech Open A 2018"]
[Site "Riga LAT"]
[Date "2018.08.11"]
[Round "8.12"]
[White "Berzinsh, Roland"]
[Black "Lobanov, Sergei"]
[Result "0-1"]
[WhiteTitle "IM"]
[BlackTitle "IM"]
[WhiteElo "2408"]
[BlackElo "2531"]
[WhiteFideId "11600357"]
[BlackFideId "24183750"]
[EventDate "2018.08.06"]

1. d4 Nf6 2. Bf4 e6 3. e3 c5 4. Nf3 Nc6 5. Nbd2 d5 6. c3 cxd4 7. exd4 Nh5 8. Bg5
f6 9. Be3 Bd6 10. Bb5 O-O 11. O-O Nf4 12. Re1 a6 13. Bf1 Ng6 14. c4 dxc4 15.
Bxc4 b5 16. Bb3 Na5 17. Ne4 Nxb3 18. Qxb3 Ne7 19. Bd2 Nd5 20. Nc3 Nxc3 21. Bxc3
Re8 22. d5 e5 23. a3 Bb7 24. Rad1 Kh8 25. Nd2 f5 26. Nc4 e4 27. Nxd6 Qxd6 28.
Bb4 Qd7 29. Qe3 Rac8 30. h4 Qf7 31. d6 f4 32. Qd4 Qd7 33. f3 exf3 34. Re7 Qg4
35. Qf2 fxg2 36. Qd4 Rxe7 37. dxe7 Bc6 38. Bc3 Re8 39. Re1 Qg6 40. Qxf4 Kg8 41.
Qe5 Qf7 42. h5 h6 43. Qc5 Bd5 44. Rd1 Be4 45. Qe5 Rxe7 46. Rd8+ Kh7 0-1

[Event "Riga Tech Open A 2018"]
[Site "Riga LAT"]
[Date "2018.08.11"]
[Round "8.14"]
[White "Bernotas, Arturs"]
[Black "Annaberdiev, Meilis"]
[Result "0-1"]
[WhiteTitle "FM"]
[BlackTitle "IM"]
[WhiteElo "2406"]
[BlackElo "2509"]
[WhiteFideId "11601426"]
[BlackFideId "14000563"]
[EventDate "2018.08.06"]

1. e4 c5 2. Nf3 g6 3. c4 Nc6 4. d4 cxd4 5. Nxd4 Nf6 6. Nc3 Nxd4 7. Qxd4 d6 8.
Be2 Bg7 9. Be3 O-O 10. Qd2 a5 11. f3 a4 12. Rc1 Qa5 13. O-O Be6 14. Rfd1 Rfc8
15. Nb5 Qxd2 16. Rxd2 Nd7 17. Nd4 Nc5 18. Rdc2 Bd7 19. g4 Na6 20. Rd2 b5 21.
Rdd1 b4 22. Rb1 Nc5 23. Kf2 b3 24. a3 Nb7 25. Rdc1 Na5 26. Nb5 Be6 27. c5 dxc5
28. Rxc5 Nc4 29. Nc7 Nxe3 30. Kxe3 Bd7 31. Rd1 Bxb2 32. Nxa8 Rxc5 33. Rxd7 Bxa3
34. Rb7 Rc3+ 35. Kd2 Rc2+ 36. Kd3 Bc1 37. Nc7 Rd2+ 38. Ke3 Rd8+ 39. Kf2 a3 0-1

[Event "Riga Tech Open A 2018"]
[Site "Riga LAT"]
[Date "2018.08.11"]
[Round "8.15"]
[White "Thybo, Jesper Sondergaard"]
[Black "Ruiz Castillo, Joshua Daniel"]
[Result "0-1"]
[WhiteTitle "IM"]
[BlackTitle "IM"]
[WhiteElo "2496"]
[BlackElo "2415"]
[WhiteFideId "1438832"]
[BlackFideId "4400704"]
[EventDate "2018.08.06"]

1. c4 c5 2. Nf3 Nc6 3. d4 cxd4 4. Nxd4 g6 5. e4 Nf6 6. Nc3 d6 7. Be2 Nxd4 8.
Qxd4 Bg7 9. Be3 O-O 10. Qd2 Be6 11. Rc1 Qa5 12. f3 Rfc8 13. b3 Nd7 14. Nb5 Qxd2+
15. Kxd2 a5 16. Nd4 Nc5 17. g4 Bd7 18. Nc2 Ne6 19. f4 Bc6 20. Bf3 Nc5 21. Bxc5
dxc5 22. a4 e5 23. fxe5 Bxe5 24. Ne3 Bf4 25. Rce1 Re8 26. Kd3 Bxe3 27. Kxe3 f6
28. Rd1 Kf7 29. Rd6 Re5 30. Rhd1 Rae8 31. Rd8 R8e7 32. Kf2 Bxe4 33. Re1 Bc2 34.
Bd5+ Kg7 35. Rxe5 fxe5 36. Rg8+ Kf6 37. Rf8+ Kg5 38. Kg3 h5 39. h4+ Kh6 40. gxh5
gxh5 41. Rf6+ Kg7 42. Rb6 e4 43. Kf2 e3+ 44. Ke1 Bd3 45. Bf3 Rf7 46. Be2 Be4 47.
Bxh5 Rf4 48. Re6 Rxh4 49. Be8 Bf5 50. Rxe3 Kf6 51. Kd2 Be4 52. Bh5 Rh2+ 53. Re2
Rh4 54. Kc3 Kf5 55. Bf7 Rh3+ 56. Kb2 Kf4 57. Bd5 Bd3 58. Re1 b6 59. Rh1 Rg3 60.
Re1 Bf5 61. Re7 Rh3 62. Re2 Bd3 63. Re6 Rh2+ 64. Kc1 Rc2+ 65. Kd1 Rb2 66. Rxb6
Ke3 67. Re6+ Kd4 68. Ke1 Kc3 69. Re3 Rxb3 70. Rg3 Kb4 71. Bc6 Bxc4 72. Rg4 Rd3
73. Rg7 Rd6 74. Rb7+ Kc3 75. Bb5 Bb3 76. Ra7 Kb4 77. Rc7 c4 78. Rb7 Bxa4 0-1

[Event "Riga Tech Open A 2018"]
[Site "Riga LAT"]
[Date "2018.08.11"]
[Round "8.17"]
[White "Krupenski, Juri"]
[Black "Haria, Ravi"]
[Result "1-0"]
[WhiteTitle "IM"]
[BlackTitle "IM"]
[WhiteElo "2390"]
[BlackElo "2449"]
[WhiteFideId "4501101"]
[BlackFideId "415820"]
[EventDate "2018.08.06"]

1. d4 e6 2. c4 d5 3. Nc3 c6 4. Nf3 dxc4 5. a4 Bb4 6. e3 b5 7. Bd2 a5 8. axb5
Bxc3 9. Bxc3 cxb5 10. b3 Bb7 11. bxc4 b4 12. Bb2 Nf6 13. Bd3 O-O 14. O-O Nbd7
15. Qc2 Qc7 16. e4 e5 17. c5 exd4 18. Bxd4 Qf4 19. c6 Rac8 20. Bb5 b3 21. Qxb3
Bxc6 22. Bxc6 Rxc6 23. e5 Ng4 24. Qd5 Rg6 25. h3 Nh6 26. Be3 Nb6 27. Qb7 Qf5 28.
Nh4 Qd7 29. Qxd7 Nxd7 30. Nxg6 hxg6 31. Bxh6 gxh6 32. Rxa5 Re8 33. f4 Kg7 34.
Rfa1 g5 35. g3 gxf4 36. gxf4 Kg6 37. Ra8 Re6 38. R1a7 Nc5 39. Rg8+ Kf5 40. Rxf7+
Ke4 41. Rf6 Re7 42. Rg3 Ne6 43. Kf2 h5 44. Re3+ Kd4 45. Kf3 h4 46. Re1 1-0

[Event "Riga Tech Open A 2018"]
[Site "Riga LAT"]
[Date "2018.08.11"]
[Round "8.18"]
[White "Bluebaum, Matthias"]
[Black "Mierins, Eriks"]
[Result "1-0"]
[WhiteTitle "GM"]
[WhiteElo "2637"]
[BlackElo "2235"]
[WhiteFideId "24651516"]
[BlackFideId "11603178"]
[EventDate "2018.08.06"]

1. d4 Nf6 2. c4 e6 3. g3 d5 4. Bg2 Bb4+ 5. Nd2 c6 6. Nf3 Nbd7 7. O-O O-O 8. Qc2
Re8 9. Rd1 Qe7 10. e4 dxe4 11. Nxe4 Nxe4 12. Qxe4 f6 13. Qc2 Qf7 14. c5 Ba5 15.
Bf4 Nf8 16. Bd6 Ng6 17. b4 Bc7 18. Bxc7 Qxc7 19. Nd2 Bd7 20. Nc4 Nh8 21. Be4 f5
22. Bg2 Nf7 23. f4 b5 24. Na5 a6 25. a4 Nh6 26. Bf3 Kf7 27. Qg2 Rac8 28. Ra3 Ng8
29. Rda1 Ne7 30. axb5 axb5 31. Nb3 Nd5 32. Qd2 Rb8 33. Nc1 Kg8 34. Nd3 Re7 35.
Ne5 Be8 36. Bxd5 exd5 37. Qa2 Kf8 38. Ra8 Rb7 39. Qc2 g6 40. R1a6 Kg7 41. Qa2 h6
42. Rxe8 Rxe8 43. Rxc6 Qd8 44. Rxg6+ Kh7 45. Qa6 Ree7 46. Rxh6+ 1-0

[Event "Riga Tech Open A 2018"]
[Site "Riga LAT"]
[Date "2018.08.11"]
[Round "8.19"]
[White "Schroeder, Jan-Christian"]
[Black "Rostgaard, Tobias Valentin"]
[Result "1-0"]
[WhiteTitle "GM"]
[BlackTitle "FM"]
[WhiteElo "2573"]
[BlackElo "2386"]
[WhiteFideId "24662259"]
[BlackFideId "1408801"]
[EventDate "2018.08.06"]

1. e4 e5 2. Nf3 Nc6 3. Bb5 a6 4. Ba4 Nf6 5. O-O Be7 6. Re1 b5 7. Bb3 O-O 8. d4
d6 9. c3 Bg4 10. d5 Na5 11. Bc2 c6 12. h3 Bh5 13. dxc6 Nxc6 14. Bg5 Qc7 15. Nbd2
Rfd8 16. Bxf6 Bxf6 17. Bb3 Na5 18. Bd5 Rab8 19. g4 Bg6 20. Rc1 Nc4 21. Nxc4 bxc4
22. Qe2 Rdc8 23. Rc2 Rb5 24. Rd2 Be7 25. h4 h6 26. Kh2 Kf8 27. Rg1 Bh7 28. g5 h5
29. Ne1 Bg6 30. Ng2 Rxd5 31. Rxd5 f6 32. f4 Bf7 33. Rd2 exf4 34. Nxf4 d5 35. e5
Qxe5 36. Qxe5 fxe5 37. Nxd5 Bg6 38. Rf1+ Ke8 39. Re1 Bd6 40. Nf4 1-0

[Event "Riga Tech Open A 2018"]
[Site "Riga LAT"]
[Date "2018.08.11"]
[Round "8.20"]
[White "Kollars, Dmitrij"]
[Black "Seyb, Alexander"]
[Result "1/2-1/2"]
[WhiteTitle "GM"]
[BlackTitle "IM"]
[WhiteElo "2549"]
[BlackElo "2383"]
[WhiteFideId "12909572"]
[BlackFideId "4699033"]
[EventDate "2018.08.06"]

1. e4 d6 2. d4 Nf6 3. Nc3 g6 4. Bg5 c6 5. Qd2 Nbd7 6. O-O-O h6 7. Bh4 g5 8. Bg3
Nh5 9. e5 Qa5 10. exd6 Nxg3 11. hxg3 exd6 12. Nf3 Bg7 13. Re1+ Kd8 14. d5 c5 15.
Nxg5 hxg5 16. Qxg5+ Kc7 17. Rxh8 Bxh8 18. Nb5+ Kb8 19. Qe7 Qb6 20. Qxd6+ Qxd6
21. Nxd6 Kc7 22. Nxf7 Bd4 23. Re2 Nb6 24. d6+ Kc6 25. c3 Bf6 26. f4 Bg4 27. Re1
Rg8 28. Nh6 Rg6 29. Nxg4 Rxg4 30. Re6 Bd8 31. Re8 Bf6 32. Re6 Bd8 33. Re8 Bf6
34. Re6 1/2-1/2

[Event "Riga Tech Open A 2018"]
[Site "Riga LAT"]
[Date "2018.08.11"]
[Round "8.21"]
[White "Sinz, Bernhard"]
[Black "Zakhartsov, Viacheslav V."]
[Result "0-1"]
[WhiteTitle "FM"]
[BlackTitle "GM"]
[WhiteElo "2377"]
[BlackElo "2544"]
[WhiteFideId "4618807"]
[BlackFideId "4115333"]
[EventDate "2018.08.06"]

1. e4 c5 2. Nf3 d6 3. d4 cxd4 4. Nxd4 Nf6 5. Nc3 a6 6. Bg5 Nbd7 7. Qe2 e6 8. f4
Qc7 9. O-O-O b5 10. a3 Bb7 11. g4 Rc8 12. Bg2 Be7 13. Kb1 Qc4 14. h3 h6 15. Bh4
Qxe2 16. Ndxe2 Rg8 17. Bf2 g5 18. Be3 Rc4 19. Ng3 Nc5 20. fxg5 hxg5 21. Bd4 Ncd7
22. Rhe1 Ne5 23. b3 Rc8 24. a4 Nc6 25. Bg1 b4 26. Na2 Nd7 27. Nh5 Rg6 28. Nc1
Nce5 29. Bd4 Nc5 30. Bb2 f6 31. Rd4 a5 32. Ng3 Kf7 33. Rd2 Rgg8 34. Ka2 Ng6 35.
Bf1 d5 36. exd5 Bxd5 37. Nd3 Nxa4 38. Bd4 Nc3+ 39. Kb2 a4 40. Rf2 axb3 41. cxb3
Nb5 42. Ne5+ Nxe5 43. Bxe5 Nc3 44. Bd3 Ra8 45. Bb1 Ra3 46. Bc2 Ra2+ 47. Kc1 Bxb3
48. Bxb3 Ra1+ 49. Kb2 Rxe1 50. Bd4 Rd8 51. Bb6 Rd3 52. Nh5 Re2+ 53. Rxe2 Nxe2
54. Bc4 Rd2+ 55. Kb3 Nc1+ 56. Ka4 Rc2 0-1